Vista normal Vista MARC

Entrada Nombre personal

Número de registros utilizados en: 1

001 - NÚMERO DE CONTROL

  • Campo de control: 44717

003 - IDENTIFICADOR DE NÚMERO DE CONTROL

  • Campo de control: OSt

005 - FECHA Y HORA DE LA ULTIMA MODIFICACION

  • Campo de control: 20210215155405.0

008 - ELEMENTOS DE DATOS DE LONGITUD FIJA

  • Campo de longitud fija: 210215|| aca||aabn | a|a d

040 ## - FUENTE DE LA CATALOGACIÓN

  • Agencia original de catalogación: OSt

100 1# - ENCABEZAMIENTO--NOMBRE DE PERSONA

  • Nombre personal: Quintanilla Escobar, José Roberto

670 ## - FUENTE DE DATOS ENCONTRADOS

  • Fuente de citación: Investigación, El uso de marketing digital en las microempresas de la ciudad de Santa Ana, El Salvador

670 ## - FUENTE DE DATOS ENCONTRADOS

  • Fuente de citación: BMC.- 15-02-2021